[Event "Copenhagen Bronshoj-ch"]
[Site "Copenhagen"]
[Date "2014.04.15"]
[Round "5"]
[White "Petersen, Steen"]
[Black "Ulrich, Thomas2222"]
[Result "1-0"]
[WhiteElo "2063"]
[BlackElo "2018"]
[PlyCount "69"]
[EventDate "2014.03.06"]
[EventType "tourn"]
[EventRounds "9"]
[EventCountry "DEN"]
[SourceTitle "EXT 2016"]
[Source "ChessBase"]
[SourceDate "2015.10.08"]
[SourceVersion "1"]
[SourceVersionDate "2015.10.08"]
[SourceQuality "1"]

1. d4 d5 2. c4 e6 3. Nc3 c6 4. Nf3 Nf6 5. Bg5 Nbd7 6. e3 Qa5 7. Rc1 Ne4 8. Bh4 Bb4 9. Qb3 0-0 10. cxd5 exd5 11. Bd3 Re8 12. 0-0 Bxc3 13. bxc3 b5 14. Qc2 h6 15. Nd2 Nxd2 16. Qxd2 Nb6 17. Rfe1 Nc4 18. Qe2 Nd6 19. Qh5 Bd7 20. g4 Ne4 21. f3 Nd6 22. e4 Qa3 23. e5 Nc4 24. g5 Nxe5 25. dxe5 Rxe5 26. Bh7+ Kf8 27. Rxe5 Qxc1+ 28. Re1 Qxc3 29. gxh6 g6 30. Be7+ Ke8 31. Qh4 Be6 32. Bb4 g5 33. Rxe6+ Kd7 34. Re7+ Kd8 35. Bxc3 1-0

[Event "Copenhagen Bronshoj Sensommer op"]
[Site "Copenhagen"]
[Date "2013.08.29"]
[Round "3"]
[White "Frank Nielsen, Marie"]
[Black "Petersen, Steen"]
[Result "1/2-1/2"]
[WhiteElo "2016"]
[BlackElo "2097"]
[PlyCount "86"]
[EventDate "2013.08.15"]
[EventType "swiss"]
[EventRounds "7"]
[EventCountry "DEN"]
[SourceTitle "EXT 2016"]
[Source "ChessBase"]
[SourceDate "2015.10.08"]
[SourceVersion "1"]
[SourceVersionDate "2015.10.08"]
[SourceQuality "1"]

1. e4 e5 2. Nf3 Nc6 3. Bb5 a6 4. Ba4 Nf6 5. 0-0 b5 6. Bb3 Be7 7. Re1 d6 8. c3 0-0 9. h3 Bb7 10. d4 Re8 11. Nbd2 Bf8 12. a4 h6 13. d5 Nb8 14. Nf1 Nbd7 15. Ng3 g6 16. Be3 c6 17. Qd2 Nc5 18. Bxc5 dxc5 19. axb5 axb5 20. Rxa8 Qxa8 21. Nxe5 cxd5 22. exd5 Bxd5 23. Bxd5 Qxd5 24. Qxd5 Nxd5 25. Kf1 c4 26. Nf3 Rxe1+ 27. Nxe1 f5 28. Ne2 Bc5 29. Nc2 Kf7 30. g3 g5 31. Ned4 b4 32. cxb4 Nxb4 33. Ke2 Kf6 34. Nxb4 Bxd4 35. Nd5+ Ke5 36. Ne3 c3 37. bxc3 Bxc3 38. Kf3 h5 39. Nc4+ Kd5 40. Ne3+ Ke6 41. Kg2 Bd4 42. Nc2 Bc5 43. Ne1 Kd5 1/2-1/2

[Event "Copenhagen Bronshoj Sensommer op"]
[Site "Copenhagen"]
[Date "2013.08.22"]
[Round "2"]
[White "Petersen, Steen"]
[Black "Christensen, Esben"]
[Result "1/2-1/2"]
[WhiteElo "2097"]
[BlackElo "2012"]
[PlyCount "53"]
[EventDate "2013.08.15"]
[EventType "swiss"]
[EventRounds "7"]
[EventCountry "DEN"]
[SourceTitle "EXT 2016"]
[Source "ChessBase"]
[SourceDate "2015.10.08"]
[SourceVersion "1"]
[SourceVersionDate "2015.10.08"]
[SourceQuality "1"]

1. c4 Nf6 2. g3 g6 3. Bg2 Bg7 4. Nc3 0-0 5. Nf3 d6 6. 0-0 e5 7. d3 Nh5 8. d4 f5 9. dxe5 dxe5 10. Bg5 Qxd1 11. Rfxd1 h6 12. Be7 Re8 13. Ba3 c6 14. Rac1 Be6 15. b3 Nd7 16. Na4 Rad8 17. Rd2 Nb6 18. Nxb6 Rxd2 19. Nxd2 axb6 20. Bb4 Rd8 21. e4 Nf6 22. Kf1 h5 23. Ke2 Bh6 24. Rc2 fxe4 25. Nxe4 Nxe4 26. Bxe4 Bf5 27. Bxf5 1/2-1/2

[Event "Copenhagen Bronshoj Sensommer op"]
[Site "Copenhagen"]
[Date "2013.08.15"]
[Round "1"]
[White "Petersen, Steen"]
[Black "Nielsen, Viktor Haarmark"]
[Result "0-1"]
[WhiteElo "2097"]
[BlackElo "1884"]
[PlyCount "56"]
[EventDate "2013.08.15"]
[EventType "swiss"]
[EventRounds "7"]
[EventCountry "DEN"]
[SourceTitle "EXT 2016"]
[Source "ChessBase"]
[SourceDate "2015.10.08"]
[SourceVersion "1"]
[SourceVersionDate "2015.10.08"]
[SourceQuality "1"]

1. d4 Nf6 2. c4 c5 3. d5 b5 4. a4 bxc4 5. Nc3 d6 6. e4 g6 7. Nf3 Bg4 8. Bxc4 Bg7 9. h3 Bxf3 10. Qxf3 0-0 11. 0-0 Nbd7 12. Qe2 Kh8 13. a5 Rb8 14. Nb5 Ne5 15. f4 Nxc4 16. Qxc4 Qd7 17. Nc3 Rb4 18. Qe2 Nh5 19. Kh2 Bd4 20. g4 Nf6 21. e5 dxe5 22. fxe5 Nxd5 23. Bh6 Rfb8 24. Rxf7 Rxb2 25. Raf1 Rxe2+ 26. Nxe2 Bxe5+ 27. Kh1 Bf6 28. Nc3 Qe6 0-1

[Event "Copenhagen Bronshoj-chA"]
[Site "Copenhagen"]
[Date "2012.05.03"]
[Round "7"]
[White "Petersen, Steen"]
[Black "Aabling Thomsen, Jakob"]
[Result "0-1"]
[WhiteElo "2147"]
[BlackElo "2324"]
[PlyCount "48"]
[EventDate "2012.03.01"]
[EventType "tourn"]
[EventRounds "9"]
[EventCountry "DEN"]
[SourceTitle "EXT 2016"]
[Source "ChessBase"]
[SourceDate "2015.10.08"]
[SourceVersion "1"]
[SourceVersionDate "2015.10.08"]
[SourceQuality "1"]

1. e4 d6 2. d4 Nf6 3. Nc3 g6 4. f4 Bg7 5. Nf3 c5 6. d5 0-0 7. a4 e6 8. Be2 exd5 9. exd5 Na6 10. 0-0 Nb4 11. Ne1 Re8 12. Bf3 Bf5 13. g4 Rxe1 14. Rxe1 Bxc2 15. Qd2 Bb3 16. g5 Nfxd5 17. Bxd5 Bd4+ 18. Qxd4 cxd4 19. Bxb3 dxc3 20. Be3 cxb2 21. Rad1 Qd7 22. Rd4 Qg4+ 23. Kf2 Qh4+ 24. Kf1 Qxe1+ 0-1

[Event "Politiken Cup 32nd"]
[Site "Copenhagen"]
[Date "2010.08.06"]
[Round "8"]
[White "Petersen, Steen"]
[Black "Jensen, Niels Christian Mol"]
[Result "1-0"]
[WhiteElo "2152"]
[BlackElo "1993"]
[PlyCount "71"]
[EventDate "2010.07.31"]
[EventType "swiss"]
[EventRounds "10"]
[EventCountry "DEN"]
[SourceTitle "CBM 137 Extra"]
[Source "ChessBase"]
[SourceDate "2010.09.01"]
[SourceVersion "1"]
[SourceVersionDate "2010.09.01"]
[SourceQuality "1"]

1. e4 e5 2. Nf3 Nc6 3. Bb5 a6 4. Ba4 Nf6 5. 0-0 b5 6. Bb3 Bb7 7. c3 Nxe4 8. d4 Na5 9. Nxe5 Nxb3 10. Qxb3 d5 11. Re1 Be7 12. Nxf7 Kxf7 13. Rxe4 Rf8 14. Re2 Kg8 15. Be3 Bc8 16. Nd2 Bg4 17. f3 Bf5 18. Ne4 Kh8 19. Ng3 Bd3 20. Rd2 Bg6 21. Re1 c6 22. Bf2 Bd6 23. Nf1 Qg5 24. Bg3 Bxg3 25. hxg3 Rae8 26. Rxe8 Rxe8 27. Kf2 c5 28. dxc5 Qe7 29. Qxd5 Bf7 30. Qd6 Qe1+ 31. Kg1 Bc4 32. Rd1 Qe2 33. b3 Bg8 34. c6 Qxa2 35. c7 Qxb3 36. Qd8 1-0

[Event "Politiken Cup 32nd"]
[Site "Copenhagen"]
[Date "2010.08.02"]
[Round "4"]
[White "Petersen, Steen"]
[Black "Skjoldager, Mikael"]
[Result "1-0"]
[WhiteElo "2152"]
[BlackElo "1978"]
[PlyCount "51"]
[EventDate "2010.07.31"]
[EventType "swiss"]
[EventRounds "10"]
[EventCountry "DEN"]
[SourceTitle "CBM 137 Extra"]
[Source "ChessBase"]
[SourceDate "2010.09.01"]
[SourceVersion "1"]
[SourceVersionDate "2010.09.01"]
[SourceQuality "1"]

1. e4 c5 2. Nf3 d6 3. Nc3 Nf6 4. d4 cxd4 5. Nxd4 a6 6. Bg5 e6 7. f4 Qb6 8. Qd2 Qxb2 9. Rb1 Qa3 10. Bxf6 gxf6 11. f5 Nc6 12. Nxc6 bxc6 13. fxe6 fxe6 14. Be2 h5 15. 0-0 Qc5+ 16. Kh1 Qe5 17. Na4 Bh6 18. Qd3 a5 19. Nb6 Ba6 20. c4 Rd8 21. Qh3 Bf4 22. Rxf4 Qxf4 23. Qxe6+ Kf8 24. Rf1 Re8 25. Qxe8+ Kxe8 26. Rxf4 1-0

[Event "Politiken Cup 32nd"]
[Site "Copenhagen"]
[Date "2010.08.01"]
[Round "3"]
[White "Antonsen, Mikkel"]
[Black "Petersen, Steen"]
[Result "1-0"]
[WhiteElo "2463"]
[BlackElo "2152"]
[PlyCount "67"]
[EventDate "2010.07.31"]
[EventType "swiss"]
[EventRounds "10"]
[EventCountry "DEN"]
[SourceTitle "CBM 137 Extra"]
[Source "ChessBase"]
[SourceDate "2010.09.01"]
[SourceVersion "1"]
[SourceVersionDate "2010.09.01"]
[SourceQuality "1"]

1. d4 Nf6 2. c4 g6 3. Nc3 Bg7 4. e4 d6 5. f3 0-0 6. Nge2 c5 7. d5 e6 8. Ng3 exd5 9. cxd5 h5 10. Bg5 Qb6 11. Qb3 Qc7 12. Be2 Nh7 13. Be3 Qe7 14. 0-0 h4 15. Nh1 f5 16. Bxc5 Nd7 17. Bf2 f4 18. h3 Ne5 19. Kh2 Ng5 20. Bg1 Bxh3 21. gxh3 Qd7 22. Nf2 Nexf3+ 23. Bxf3 Nxf3+ 24. Kh1 Ng5 25. Qb5 Qc8 26. Qd3 f3 27. e5 dxe5 28. Qxg6 Nxh3 29. Bh2 Nf4 30. Bxf4 Rxf4 31. Nce4 Qf5 32. Rg1 Qxg6 33. Rxg6 Kf7 34. Rd6 1-0

[Event "DEN 75th Ann"]
[Site "Copenhagen"]
[Date "2010.02.19"]
[Round "8"]
[White "Petersen, Nils"]
[Black "Petersen, Steen"]
[Result "1/2-1/2"]
[WhiteElo "2059"]
[BlackElo "2154"]
[PlyCount "20"]
[EventDate "2010.02.15"]
[EventType "swiss"]
[EventRounds "9"]
[EventCountry "DEN"]
[SourceTitle "CBM 134 Extra"]
[Source "ChessBase"]
[SourceDate "2010.03.03"]
[SourceVersion "1"]
[SourceVersionDate "2010.03.03"]
[SourceQuality "1"]

1. c4 e5 2. Nc3 Nf6 3. Nf3 Nc6 4. a3 g6 5. d4 exd4 6. Nxd4 Bg7 7. Bg5 h6 8. Bh4 0-0 9. e3 Re8 10. Be2 Nxd4 1/2-1/2

[Event "DEN 75th Ann"]
[Site "Copenhagen"]
[Date "2010.02.19"]
[Round "7"]
[White "Petersen, Steen"]
[Black "Hvenekilde, Jorgen"]
[Result "1/2-1/2"]
[WhiteElo "2154"]
[BlackElo "2190"]
[PlyCount "37"]
[EventDate "2010.02.15"]
[EventType "swiss"]
[EventRounds "9"]
[EventCountry "DEN"]
[SourceTitle "CBM 134 Extra"]
[Source "ChessBase"]
[SourceDate "2010.03.03"]
[SourceVersion "1"]
[SourceVersionDate "2010.03.03"]
[SourceQuality "1"]

1. e4 e5 2. Nf3 d6 3. d4 exd4 4. Nxd4 Nf6 5. Nc3 a6 6. a4 Nc6 7. Nxc6 bxc6 8. Bd3 Be7 9. 0-0 0-0 10. f4 Re8 11. Kh1 Rb8 12. Qf3 Nd7 13. Rb1 Nc5 14. Be3 Nxd3 15. cxd3 Bf8 16. Bd2 Rb3 17. Qd1 Rb8 18. Ne2 c5 19. Qc2 1/2-1/2

[Event "Politiken Cup 31st"]
[Site "Helsingor"]
[Date "2009.07.18"]
[Round "1"]
[White "Petersen, Steen"]
[Black "Christensen, Svend Ib"]
[Result "1-0"]
[WhiteElo "2152"]
[BlackElo "1775"]
[PlyCount "61"]
[EventDate "2009.07.18"]
[EventType "swiss"]
[EventRounds "10"]
[EventCountry "DEN"]
[SourceTitle "CBM 131 Extra"]
[Source "ChessBase"]
[SourceDate "2009.09.03"]
[SourceVersion "2"]
[SourceVersionDate "2009.09.16"]
[SourceQuality "1"]

1. e4 d6 2. d4 e6 3. Nc3 Be7 4. f4 Nf6 5. Nf3 c5 6. e5 dxe5 7. fxe5 Nd5 8. Ne4 h6 9. c4 Nc7 10. dxc5 Qxd1+ 11. Kxd1 0-0 12. Be3 Bd7 13. b4 Rd8 14. Kc2 a6 15. a4 Nc6 16. Kb3 Ne8 17. Nd6 Rab8 18. b5 Bxd6 19. exd6 Na5+ 20. Kb4 b6 21. cxb6 Nb7 22. bxa6 Nbxd6 23. c5 Nc7 24. Rd1 Ne4 25. a7 Rb7 26. Bb5 Nd5+ 27. Rxd5 exd5 28. Bxd7 Nxc5 29. Bxc5 Rbxd7 30. Ne5 Rb7 31. a5 1-0

[Event "EU-Cup 24th"]
[Site "Kallithea"]
[Date "2008.10.18"]
[Round "2"]
[White "Mehmeti, Dritan"]
[Black "Petersen, Steen"]
[Result "1-0"]
[WhiteElo "2403"]
[BlackElo "2164"]
[PlyCount "95"]
[EventDate "2008.10.17"]
[EventType "team-swiss"]
[EventRounds "7"]
[EventCountry "GRE"]
[SourceTitle "CBM 127"]
[Source "ChessBase"]
[SourceDate "2008.11.13"]
[SourceVersion "1"]
[SourceVersionDate "2008.11.13"]
[SourceQuality "1"]
[WhiteTeam "Butrinti"]
[BlackTeam "Copenhagen Bronshoj"]
[WhiteTeamCountry "ALB"]
[BlackTeamCountry "DEN"]

1. d4 d5 2. Bg5 h6 3. Bh4 c6 4. Nf3 Qb6 5. Qc1 g5 6. Bg3 g4 7. Ne5 Qxd4 8. c4 Nd7 9. e3 Qb6 10. cxd5 Bg7 11. Nd3 cxd5 12. Nc3 Ngf6 13. Be2 0-0 14. 0-0 a6 15. Rd1 e5 16. Nxe5 Nxe5 17. Bxe5 Be6 18. Bd4 Qb4 19. Qd2 Rac8 20. Rac1 h5 21. Ne4 Qxd2 22. Nxd2 Ne4 23. Nb3 Nd6 24. Nc5 Bxd4 25. exd4 Nf5 26. Rc3 Rc6 27. h3 Rfc8 28. hxg4 hxg4 29. Bxg4 Nxd4 30. Nxe6 Nxe6 31. Rg3 Kf8 32. Rxd5 Rc1+ 33. Kh2 R8c2 34. Rf3 Ke7 35. Rdf5 Nd8 36. Bh5 f6 37. Rxf6 Rxb2 38. Rf8 Rd2 39. Re8+ Kd7 40. Rff8 Kc7 41. Re7+ Kc6 42. f4 Rcc2 43. Bf3+ Kd6 44. Rg7 Nc6 45. Rf6+ Kc5 46. Rf5+ Kd6 47. Rxb7 Rxa2 48. Rf6+ 1-0

[Event "Politiken Cup 30th"]
[Site "Helsingor"]
[Date "2008.07.26"]
[Round "9"]
[White "Petersen, Steen"]
[Black "Klein, Gernot"]
[Result "1/2-1/2"]
[WhiteElo "2170"]
[BlackElo "2011"]
[PlyCount "152"]
[EventDate "2008.07.19"]
[EventType "swiss"]
[EventRounds "10"]
[EventCountry "DEN"]
[SourceTitle "CBM 125 Extra"]
[Source "ChessBase"]
[SourceDate "2008.09.01"]
[SourceVersion "1"]
[SourceVersionDate "2008.09.01"]
[SourceQuality "1"]

1. e4 c5 2. Nf3 e6 3. d4 cxd4 4. Nxd4 a6 5. Nc3 Qc7 6. Bd3 Bc5 7. Nb3 Be7 8. Qg4 g6 9. Bg5 Nc6 10. Bxe7 Ngxe7 11. 0-0 0-0 12. Qh4 d5 13. exd5 exd5 14. Qf6 Qe5 15. Qxe5 Nxe5 16. Rfe1 N5c6 17. Rad1 b6 18. Nd4 Nxd4 19. Rxe7 Be6 20. Rb7 b5 21. Bxg6 Nf3+ 22. gxf3 hxg6 23. Rb6 Rfb8 24. Rxb8+ Rxb8 25. Nxd5 Rb7 26. a3 Kg7 27. Nb4 Rc7 28. Rd2 a5 29. Nd3 Bf5 30. Kg2 Rd7 31. f4 b4 32. axb4 axb4 33. b3 Be4+ 34. f3 Bf5 35. Kf2 Rb7 36. Ke3 Rb8 37. Kd4 Bxd3 38. Rxd3 Rc8 39. c4 bxc3 40. Rxc3 Rd8+ 41. Ke5 Rd2 42. h4 Rb2 43. f5 gxf5 44. Kxf5 Rh2 45. Rc4 Rf2 46. f4 Rh2 47. Kg4 Rg2+ 48. Kf3 Rh2 49. Kg3 Rb2 50. b4 Kg6 51. Kf3 f5 52. Ke3 Kh5 53. Kd4 Kxh4 54. Kc5 Kg4 55. b5 Kf3 56. b6 Ke3 57. Rb4 Rc2+ 58. Kd6 Rc8 59. b7 Re8 60. Kc7 Re7+ 61. Kd8 Rxb7 62. Rxb7 Kxf4 63. Ke7 Kg4 64. Ke6 f4 65. Rg7+ Kh3 66. Rf7 Kg3 67. Ke5 f3 68. Rg7+ Kh2 69. Ke4 f2 70. Rh7+ Kg2 71. Rg7+ Kh2 72. Rh7+ Kg2 73. Rg7+ Kh2 74. Rf7 Kg2 75. Ke3 f1Q 76. Rxf1 Kxf1 1/2-1/2

[Event "Politiken Cup 30th"]
[Site "Helsingor"]
[Date "2008.07.21"]
[Round "4"]
[White "Schandorff, Lars"]
[Black "Petersen, Steen"]
[Result "1-0"]
[WhiteElo "2537"]
[BlackElo "2170"]
[PlyCount "79"]
[EventDate "2008.07.19"]
[EventType "swiss"]
[EventRounds "10"]
[EventCountry "DEN"]
[SourceTitle "CBM 125 Extra"]
[Source "ChessBase"]
[SourceDate "2008.09.01"]
[SourceVersion "1"]
[SourceVersionDate "2008.09.01"]
[SourceQuality "1"]

1. d4 d5 2. c4 Bf5 3. Nc3 e6 4. Nf3 c6 5. Qb3 Qb6 6. c5 Qxb3 7. axb3 Na6 8. Bf4 f6 9. e3 Nb4 10. Ra4 Nd3+ 11. Bxd3 Bxd3 12. Kd2 Bb5 13. Raa1 g5 14. Nxg5 e5 15. Ne6 exf4 16. Nc7+ Kd7 17. Nxa8 Ba6 18. e4 dxe4 19. Nxe4 Be7 20. b4 f5 21. b5 cxb5 22. c6+ Kxc6 23. Rhc1+ Kd5 24. Nc5 Kxd4 25. Nxa6 bxa6 26. Rc8 f3 27. gxf3 Bf6 28. Rxa6 Ne7 29. Rxh8 Bxh8 30. Rxa7 Bf6 31. Nc7 Kc5 32. Ne6+ Kd6 33. Ra6+ Nc6 34. f4 b4 35. b3 Kd5 36. Kd3 Bh4 37. Nd4 Nxd4 38. Ra5+ Ke6 39. Kxd4 Bxf2+ 40. Kc4 1-0

[Event "Politiken Cup 30th"]
[Site "Helsingor"]
[Date "2008.07.20"]
[Round "3"]
[White "Petersen, Steen"]
[Black "Andersen, Daniel"]
[Result "1-0"]
[WhiteElo "2170"]
[BlackElo "1969"]
[PlyCount "47"]
[EventDate "2008.07.19"]
[EventType "swiss"]
[EventRounds "10"]
[EventCountry "DEN"]
[SourceTitle "CBM 125 Extra"]
[Source "ChessBase"]
[SourceDate "2008.09.01"]
[SourceVersion "1"]
[SourceVersionDate "2008.09.01"]
[SourceQuality "1"]

1. e4 e6 2. d3 d5 3. Nd2 Nf6 4. Ngf3 b6 5. c3 Be7 6. Qc2 0-0 7. e5 Nfd7 8. d4 c5 9. Bd3 h6 10. Nf1 Re8 11. h4 Ba6 12. g4 Bxd3 13. Qxd3 Nf8 14. Ng3 cxd4 15. cxd4 Nc6 16. a3 f6 17. g5 fxg5 18. hxg5 hxg5 19. Nh5 g4 20. Rg1 Kf7 21. Rxg4 g6 22. Rf4+ Kg8 23. Rxf8+ Kxf8 24. Qxg6 1-0